What every new manager [needs to know] : Making a successful transition to management
Guardat en:
| Autor principal: | |
|---|---|
| Format: | Llibre |
| Idioma: | Undetermined |
| Publicat: |
New York, NY
AMACOM
2004
|
| Matèries: | |
| Etiquetes: |
Afegir etiqueta
Sense etiquetes, Sigues el primer a etiquetar aquest registre!
|
| Thư viện lưu trữ: | Trung tâm Học liệu Trường Đại học Cần Thơ |
|---|
| LEADER | 00613nam a2200205Ia 4500 | ||
|---|---|---|---|
| 001 | CTU_128643 | ||
| 008 | 210402s9999 xx 000 0 und d | ||
| 020 | |c 269000 | ||
| 082 | |a 658.4 | ||
| 082 | |b G287 | ||
| 100 | |a Gaynor, Gerard H. (Gus) | ||
| 245 | 0 | |a What every new manager [needs to know] : | |
| 245 | 0 | |b Making a successful transition to management | |
| 245 | 0 | |c Gerard H. (Gus) Gaynor | |
| 260 | |a New York, NY | ||
| 260 | |b AMACOM | ||
| 260 | |c 2004 | ||
| 650 | |a Management.,Leadership.,Quản trị,Ban lãnh đạo | ||
| 904 | |i Minh | ||
| 980 | |a Trung tâm Học liệu Trường Đại học Cần Thơ | ||